Statistics for Countries Closest to Finland

Click here to take the quiz!

General Stats

  • This quiz has been taken 7,702 times
    (7,323 since last reset)
  • The average score is 18 of 20

Answer Stats

kmcountrymiles% Correct
0Norway0
100%
0Russia0
100%
0Sweden0
100%
47Estonia29
98%
718Germany446
98%
213Latvia133
98%
575Denmark358
97%
378Lithuania235
97%
603Poland374
97%
1106United Kingdom687
97%
470Belarus292
94%
879Ukraine546
91%
1153Slovakia717
88%
1044Czechia649
87%
1071Netherlands665
87%
1256Hungary781
86%
1262Austria784
85%
1315Belgium817
85%
1306Romania812
80%
1291Moldova802
73%

Score Distribution

Percentile by Number Answered

Percent of People with Each Score

Your Score History

You have not taken this quiz since the last reset